00548nam a22001577a 4500082003500000100003200035245007400067250000900141260003800150300001800188526003700206650001300243942001200256999001900268952010300287 a380.102945491bANScL-31, P-52 aHalim, Ansari Abdul947057 aTrade and Industrial Directory of Pakistanc(Late) Abdul Halim Ansari a8th  aKarachi:bAnsari Publisher House, axxiv, 568 p.: a0b0c0d380_102945491000000_ANS aMCE9379 2ddccBK c550355d550355 00102ddc4070aMCEbMCEd2014-10-31l0o380.102945491 ANSpMCE-1857.r2014-10-31w2014-10-31yBK